{"text_format":"3","workbook":"xlsx","n_sheets":1,"sheets":["t291"],"read":"whole","date_system":"1900"}

{"sheet":"t291","index":0,"n_rows":152,"n_cols":7,"rows_kept":152,"merged":[[0,0,0,6],[30,0,30,5],[40,0,40,5],[134,0,134,5]]}
["TABELA 291.1 - Estatísticas Agrícolas, Município de Júlio Mesquita, Estado de São Paulo, 2007/08."]
["ITEM","UNIDADE","N.DE UPAs","MÍNIMO","MÉDIO","MÁXIMO","TOTAL"]
["Distância à sede do município","km",104,0.1,{"v":6.72,"d":"6.7"},{"v":15,"d":"15.0"},"-"]
["Área total","hectare",104,1.4,{"v":112.39,"d":"112.4"},{"v":1863.4,"d":"1,863.4"},{"v":11688.4,"d":"11,688.4"}]
["Área com cultura perene","hectare",33,0.3,{"v":46.51,"d":"46.5"},{"v":808,"d":"808.0"},{"v":1534.8,"d":"1,534.8"}]
["Área com cultura temporária","hectare",31,0.4,{"v":11.59,"d":"11.6"},{"v":240,"d":"240.0"},359.3]
["Área com pastagem","hectare",84,{"v":1,"d":"1.0"},{"v":96.08,"d":"96.1"},{"v":1046.2,"d":"1,046.2"},{"v":8070.3,"d":"8,070.3"}]
["Área com reflorestamento","hectare",22,0.2,3.7,{"v":25,"d":"25.0"},81.3]
["Área com vegetação natural","hectare",40,0.5,{"v":21.08,"d":"21.1"},285.5,843.2]
["Área com vegetação de brejo e várzea","hectare",37,0.2,{"v":8.39,"d":"8.4"},{"v":184,"d":"184.0"},310.3]
["Área em descanso","hectare",18,0.5,{"v":20.15,"d":"20.2"},{"v":256,"d":"256.0"},362.7]
["Área complementar","hectare",89,0.1,{"v":1.42,"d":"1.4"},{"v":12,"d":"12.0"},126.5]
["Área das UPAs com (0, 1] ha","hectare","-","-","-","-","-"]
["Área das UPAs com (1, 2] ha","hectare",4,1.4,{"v":1.85,"d":"1.9"},{"v":2,"d":"2.0"},7.4]
["Área das UPAs com (2, 5] ha","hectare",9,2.4,{"v":3.36,"d":"3.4"},4.8,30.2]
["Área das UPAs com (5, 10] ha","hectare",7,5.2,{"v":7,"d":"7.0"},9.6,{"v":49,"d":"49.0"}]
["Área das UPAs com (10, 20] ha","hectare",12,10.9,{"v":16.07,"d":"16.1"},19.6,192.8]
["Área das UPAs com (20, 50] ha","hectare",27,24.2,{"v":35.93,"d":"35.9"},48.6,{"v":970,"d":"970.0"}]
["Área das UPAs com (50, 100] ha","hectare",19,50.8,{"v":63.58,"d":"63.6"},95.2,{"v":1208,"d":"1,208.0"}]
["Área das UPAs com (100, 200] ha","hectare",14,107.7,{"v":142.64,"d":"142.6"},196.1,{"v":1997,"d":"1,997.0"}]
["Área das UPAs com (200, 500] ha","hectare",7,273.6,{"v":353.79,"d":"353.8"},483.6,{"v":2476.5,"d":"2,476.5"}]
["Área das UPAs com (500, 1.000] ha","hectare",4,507.1,{"v":723.53,"d":"723.5"},988.5,{"v":2894.1,"d":"2,894.1"}]
["Área das UPAs com (1.000, 2.000] ha","hectare",1,{"v":1863.4,"d":"1,863.4"},{"v":1863.4,"d":"1,863.4"},{"v":1863.4,"d":"1,863.4"},{"v":1863.4,"d":"1,863.4"}]
["Área das UPAs com (2.000, 5.000] ha","hectare","-","-","-","-","-"]
["Área das UPAs com (5.000, 10.000] ha","hectare","-","-","-","-","-"]
["Área das UPAs acima de 10.000 ha","hectare","-","-","-","-","-"]
["Familiares do proprietário que trabalham na UPA","unidade",93,{"v":1,"d":"1.0"},{"v":1.29,"d":"1.3"},{"v":4,"d":"4.0"},{"v":120,"d":"120.0"}]
["Trabalhadores permanentes","unidade",43,{"v":1,"d":"1.0"},{"v":4.37,"d":"4.4"},{"v":87,"d":"87.0"},{"v":188,"d":"188.0"}]
["Fonte: Secretaria de Agricultura e Abastecimento, CDRS/IEA, Projeto LUPA."]
[]
["TABELA 291.2 - Explorações Animais, Município de Júlio Mesquita, Estado de São Paulo, 2007/08."]
["ITEM","UNIDADE","N.DE UPAs","MÍNIMO","MÉDIO","MÁXIMO","TOTAL"]
["Asininos E Muares","cabeças",3,{"v":1,"d":"1.0"},{"v":2,"d":"2.0"},{"v":4,"d":"4.0"},{"v":6,"d":"6.0"}]
["Bovinocultura de Corte","cabeças",57,{"v":4,"d":"4.0"},{"v":162.82,"d":"162.8"},{"v":1380,"d":"1,380.0"},{"v":9281,"d":"9,281.0"}]
["Bovinocultura Mista","cabeças",22,{"v":2,"d":"2.0"},{"v":46.18,"d":"46.2"},{"v":650,"d":"650.0"},{"v":1016,"d":"1,016.0"}]
["Equinocultura","cabeças",59,{"v":1,"d":"1.0"},{"v":13.63,"d":"13.6"},{"v":660,"d":"660.0"},{"v":804,"d":"804.0"}]
["Ovinocultura","cabeças",4,{"v":6,"d":"6.0"},{"v":22,"d":"22.0"},{"v":50,"d":"50.0"},{"v":88,"d":"88.0"}]
["Suinocultura","cabeças",2,{"v":3,"d":"3.0"},{"v":24,"d":"24.0"},{"v":45,"d":"45.0"},{"v":48,"d":"48.0"}]
["Fonte: Secretaria de Agricultura e Abastecimento, CDRS/IEA, Projeto LUPA."]
[]
["TABELA 291.3 -  Máquinas, Implementos e Benfeitorias, Município de Júlio Mesquita, Estado de São Paulo, 2007/08."]
["ITEM","UNIDADE","N.DE UPAs","MÍNIMO","MÉDIO","MÁXIMO","TOTAL"]
["Arado Comum (Bacia, Aiveca)","Unidade",20,{"v":1,"d":"1.0"},1.3,{"v":5,"d":"5.0"},{"v":26,"d":"26.0"}]
["Arado Escarificador","Unidade",8,{"v":1,"d":"1.0"},{"v":1.25,"d":"1.3"},{"v":2,"d":"2.0"},{"v":10,"d":"10.0"}]
["Arado Subsolador","Unidade",4,{"v":1,"d":"1.0"},{"v":1.75,"d":"1.8"},{"v":4,"d":"4.0"},{"v":7,"d":"7.0"}]
["Batedeira de Cereais","Unidade",3,{"v":1,"d":"1.0"},{"v":1.33,"d":"1.3"},{"v":2,"d":"2.0"},{"v":4,"d":"4.0"}]
["Colhedeira Acoplada","Unidade",2,{"v":1,"d":"1.0"},1.5,{"v":2,"d":"2.0"},{"v":3,"d":"3.0"}]
["Colhedeira Automotriz","Unidade",1,{"v":2,"d":"2.0"},{"v":2,"d":"2.0"},{"v":2,"d":"2.0"},{"v":2,"d":"2.0"}]
["Conj.Irrigação Autopropelido","Unidade",1,{"v":1,"d":"1.0"},{"v":1,"d":"1.0"},{"v":1,"d":"1.0"},{"v":1,"d":"1.0"}]
["Conj.Irrigação Convencional","Unidade",4,{"v":1,"d":"1.0"},{"v":1,"d":"1.0"},{"v":1,"d":"1.0"},{"v":4,"d":"4.0"}]
["Conj.Irrigação Pivot Central","Unidade",1,{"v":1,"d":"1.0"},{"v":1,"d":"1.0"},{"v":1,"d":"1.0"},{"v":1,"d":"1.0"}]
["Conjunto de Fenação","Unidade",1,{"v":1,"d":"1.0"},{"v":1,"d":"1.0"},{"v":1,"d":"1.0"},{"v":1,"d":"1.0"}]
["Desintegrador, Picador, Triturador","Unidade",28,{"v":1,"d":"1.0"},{"v":1.07,"d":"1.1"},{"v":2,"d":"2.0"},{"v":30,"d":"30.0"}]
["Distribuidor de Calcário","Unidade",8,{"v":1,"d":"1.0"},1.5,{"v":3,"d":"3.0"},{"v":12,"d":"12.0"}]
["Ensiladeira","Unidade",4,{"v":1,"d":"1.0"},{"v":1,"d":"1.0"},{"v":1,"d":"1.0"},{"v":4,"d":"4.0"}]
["Grade Aradora (Tipo Romi)","Unidade",5,{"v":1,"d":"1.0"},1.2,{"v":2,"d":"2.0"},{"v":6,"d":"6.0"}]
["Grade Niveladora","Unidade",14,{"v":1,"d":"1.0"},{"v":1.29,"d":"1.3"},{"v":2,"d":"2.0"},{"v":18,"d":"18.0"}]
["Implementos para Tração Animal","Unidade",4,{"v":1,"d":"1.0"},{"v":1.25,"d":"1.3"},{"v":2,"d":"2.0"},{"v":5,"d":"5.0"}]
["Microtrator","Unidade",7,{"v":1,"d":"1.0"},{"v":1.86,"d":"1.9"},{"v":4,"d":"4.0"},{"v":13,"d":"13.0"}]
["Misturador de Ração","Unidade",1,{"v":1,"d":"1.0"},{"v":1,"d":"1.0"},{"v":1,"d":"1.0"},{"v":1,"d":"1.0"}]
["Pulverizador Tratorizado","Unidade",19,{"v":1,"d":"1.0"},{"v":2.21,"d":"2.2"},{"v":7,"d":"7.0"},{"v":42,"d":"42.0"}]
["Roçadeira Tratorizada","Unidade",1,{"v":3,"d":"3.0"},{"v":3,"d":"3.0"},{"v":3,"d":"3.0"},{"v":3,"d":"3.0"}]
["Semeadeira/Adubadeira para Plantio Convencional","Unidade",7,{"v":1,"d":"1.0"},{"v":1.57,"d":"1.6"},{"v":4,"d":"4.0"},{"v":11,"d":"11.0"}]
["Semeadeira/Plantadeira Plantio Direto","Unidade",3,{"v":1,"d":"1.0"},{"v":1.33,"d":"1.3"},{"v":2,"d":"2.0"},{"v":4,"d":"4.0"}]
["Terraceador","Unidade",1,{"v":1,"d":"1.0"},{"v":1,"d":"1.0"},{"v":1,"d":"1.0"},{"v":1,"d":"1.0"}]
["Trator de Pneus","Unidade",34,{"v":1,"d":"1.0"},{"v":2.47,"d":"2.5"},{"v":14,"d":"14.0"},{"v":84,"d":"84.0"}]
["Açude/Represa","Unidade",41,{"v":1,"d":"1.0"},{"v":1.93,"d":"1.9"},{"v":11,"d":"11.0"},{"v":79,"d":"79.0"}]
["Almoxarifado/Oficina","Unidade",12,{"v":1,"d":"1.0"},{"v":1.25,"d":"1.3"},{"v":3,"d":"3.0"},{"v":15,"d":"15.0"}]
["Armazém para Grãos Ensacados","Sacas",10,{"v":1,"d":"1.0"},1.7,{"v":7,"d":"7.0"},{"v":17,"d":"17.0"}]
["Balança para Bovinos","Unidade",2,{"v":1,"d":"1.0"},{"v":1,"d":"1.0"},{"v":1,"d":"1.0"},{"v":2,"d":"2.0"}]
["Barracão/Galpão/Garagem","Unidade",46,{"v":1,"d":"1.0"},1.5,{"v":6,"d":"6.0"},{"v":69,"d":"69.0"}]
["Casa de Moradia Habitada","Unidade",53,{"v":1,"d":"1.0"},{"v":1.32,"d":"1.3"},{"v":8,"d":"8.0"},{"v":70,"d":"70.0"}]
["Casa de Moradia Total","Unidade",69,{"v":1,"d":"1.0"},{"v":2.06,"d":"2.1"},{"v":20,"d":"20.0"},{"v":142,"d":"142.0"}]
["Curral/Mangueira","Unidade",50,{"v":1,"d":"1.0"},{"v":1.06,"d":"1.1"},{"v":3,"d":"3.0"},{"v":53,"d":"53.0"}]
["Depósito/Tulha","Unidade",34,{"v":1,"d":"1.0"},{"v":1.44,"d":"1.4"},{"v":14,"d":"14.0"},{"v":49,"d":"49.0"}]
["Estábulo","Unidade",2,{"v":1,"d":"1.0"},{"v":1,"d":"1.0"},{"v":1,"d":"1.0"},{"v":2,"d":"2.0"}]
["Fábrica de Ração","Unidade",1,{"v":1,"d":"1.0"},{"v":1,"d":"1.0"},{"v":1,"d":"1.0"},{"v":1,"d":"1.0"}]
["Instalações para Equinos","Unidade",2,{"v":1,"d":"1.0"},{"v":1,"d":"1.0"},{"v":1,"d":"1.0"},{"v":2,"d":"2.0"}]
["Máquina de Benefício","Unidade",10,{"v":1,"d":"1.0"},{"v":1,"d":"1.0"},{"v":1,"d":"1.0"},{"v":10,"d":"10.0"}]
["Pocilga","Unidade",3,{"v":1,"d":"1.0"},{"v":3.67,"d":"3.7"},{"v":9,"d":"9.0"},{"v":11,"d":"11.0"}]
["Poço Semi-Artesiano","Unidade",24,{"v":1,"d":"1.0"},{"v":1.04,"d":"1.0"},{"v":2,"d":"2.0"},{"v":25,"d":"25.0"}]
["Secador de Grãos","Unidade",2,{"v":1,"d":"1.0"},1.5,{"v":2,"d":"2.0"},{"v":3,"d":"3.0"}]
["Terreiro","m²",29,{"v":1,"d":"1.0"},{"v":984.31,"d":"984.3"},{"v":4000,"d":"4,000.0"},{"v":28545,"d":"28,545.0"}]
["Fonte: Secretaria de Agricultura e Abastecimento, CDRS/IEA, Projeto LUPA."]
[]
["TABELA 291.4 - Outras Estatísticas Agrícolas, Município de Júlio Mesquita, Estado de São Paulo, 2007/08."]
["ITEM","Número de UPAs",null,"Percentual"]
["Faz Parte de Associação de Produtores",9,null,{"v":8.653846153846153,"d":"8.7"}]
["Faz Parte de Cooperativa de Produtores",52,null,{"v":50,"d":"50.0"}]
["Faz Parte do Sindicato de Produtores",21,null,{"v":20.19230769230769,"d":"20.2"}]
["Não utiliza assistência técnica ",7,null,{"v":6.730769230769231,"d":"6.7"}]
["Utiliza somente assistência técnica governamental ",90,null,{"v":86.53846153846153,"d":"86.5"}]
["Utiliza somente assistência técnica privada ",0,null,{"v":0,"d":"0.0"}]
["Utiliza assistência técnica tanto governamental quanto privada",7,null,{"v":6.730769230769231,"d":"6.7"}]
["Utiliza Crédito Rural",7,null,{"v":6.730769230769231,"d":"6.7"}]
["Utiliza Seguro Rural","-",null,"-"]
["Utiliza Escrituração Agrícola",100,null,{"v":96.15384615384615,"d":"96.2"}]
["Acessa Internet p/ Fins na Agropecuária",6,null,{"v":5.76923076923077,"d":"5.8"}]
["Utiliza Computador nas Atividades Agropecuárias",23,null,{"v":22.115384615384617,"d":"22.1"}]
["Utiliza Energia Elétrica Para Uso na Atividade Agrícola",60,null,{"v":57.69230769230769,"d":"57.7"}]
["Realiza Análise de Solo, quando necessário",1,null,{"v":0.9615384615384616,"d":"1.0"}]
["Utiliza Práticas de Conservação de Solo, quando necessário",91,null,87.5]
["Faz Adubação Mineral, quando necessário",41,null,{"v":39.42307692307692,"d":"39.4"}]
["Faz Adubação Orgânica, quando necessário",28,null,{"v":26.923076923076923,"d":"26.9"}]
["Faz Adubação Verde, quando necessário",4,null,{"v":3.8461538461538463,"d":"3.8"}]
["Utiliza Manejo Integrado de Pragas (MIP)","-",null,"-"]
["Utiliza Hidroponia","-",null,"-"]
["Utiliza Plasticultura","-",null,"-"]
["Utiliza Mudas Fiscalizadas",37,null,{"v":35.57692307692308,"d":"35.6"}]
["Utiliza Semente Melhorada",83,null,{"v":79.80769230769229,"d":"79.8"}]
["Faz Confinamento de Bovinos",1,null,{"v":0.9615384615384616,"d":"1.0"}]
["Utiliza Pastejo Intensivo","-",null,"-"]
["Faz Inseminação Artificial",1,null,{"v":0.9615384615384616,"d":"1.0"}]
["Faz Mineralização do Rebanho",74,null,{"v":71.15384615384616,"d":"71.2"}]
["Faz Vermifugação do Rebanho",75,null,{"v":72.11538461538461,"d":"72.1"}]
["Possui Parceiros /Arrendatários na Exploração Animal",4,null,{"v":3.8461538461538463,"d":"3.8"}]
["Esporte e lazer","-",null,"-"]
["Extração mineral","-",null,"-"]
["Hotel Fazenda, Pousada ou SPA","-",null,"-"]
["Pesque-pague","-",null,"-"]
["Restaurante ou Lanchonete","-",null,"-"]
["Transformação artesanal","-",null,"-"]
["Turismo rural ou ecoturismo","-",null,"-"]
["Outras atividades econômicas rurais","-",null,"-"]
["Agroindústria","-",null,"-"]
["Proprietário sem instrução ou com instrução incompleta","-",null,"-"]
["Proprietário com antigo primário completo",30,null,{"v":28.846153846153847,"d":"28.8"}]
["Proprietário com 1° grau (ou antigo ginasial) completo",4,null,{"v":3.8461538461538463,"d":"3.8"}]
["Proprietário com 2° grau (ou antigo colegial) completo",29,null,{"v":27.884615384615383,"d":"27.9"}]
["Proprietário com curso superior completo ",37,null,{"v":35.57692307692308,"d":"35.6"}]
["Pessoa Jurídica",4,null,{"v":3.8461538461538463,"d":"3.8"}]
["Proprietário residente na própria UPA ",15,null,{"v":14.423076923076923,"d":"14.4"}]
["Fonte: Secretaria de Agricultura e Abastecimento, CDRS/IEA, Projeto LUPA."]
[]
["TABELA 291.5 - Área Cultivada, Município de Júlio Mesquita, Estado de São Paulo, 2007/08."]
["CULTURA","N.DE UPAs","MÍNIMO","MÉDIO","MÁXIMO","TOTAL"]
["Braquiaria",84,{"v":1,"d":"1.0"},{"v":95.96,"d":"96.0"},{"v":1046.2,"d":"1,046.2"},{"v":8060.3,"d":"8,060.3"}]
["Laranja",7,1.2,{"v":134.17,"d":"134.2"},{"v":808,"d":"808.0"},939.2]
["Cafe",22,0.3,{"v":20.79,"d":"20.8"},95.7,457.4]
["Cana-de-acucar",28,0.3,{"v":10.86,"d":"10.9"},{"v":240,"d":"240.0"},{"v":304,"d":"304.0"}]
["Eucalipto",22,0.2,3.7,{"v":25,"d":"25.0"},81.3]
["Milho",9,0.5,{"v":6.14,"d":"6.1"},{"v":15,"d":"15.0"},55.3]
["Tangor",6,0.5,{"v":8.95,"d":"9.0"},{"v":21,"d":"21.0"},53.7]
["Tangerina",5,3.5,{"v":7,"d":"7.0"},{"v":18,"d":"18.0"},{"v":35,"d":"35.0"}]
["Banana",2,{"v":8,"d":"8.0"},{"v":8,"d":"8.0"},{"v":8,"d":"8.0"},{"v":16,"d":"16.0"}]
["Goiaba",1,{"v":11,"d":"11.0"},{"v":11,"d":"11.0"},{"v":11,"d":"11.0"},{"v":11,"d":"11.0"}]
["Abacate",3,{"v":3,"d":"3.0"},{"v":3.67,"d":"3.7"},{"v":5,"d":"5.0"},{"v":11,"d":"11.0"}]
["Coloniao",1,{"v":10,"d":"10.0"},{"v":10,"d":"10.0"},{"v":10,"d":"10.0"},{"v":10,"d":"10.0"}]
["Manga",1,4.5,4.5,4.5,4.5]
["Urucum (ou urucu)",1,{"v":4,"d":"4.0"},{"v":4,"d":"4.0"},{"v":4,"d":"4.0"},{"v":4,"d":"4.0"}]
["Limao",2,1.5,1.5,1.5,{"v":3,"d":"3.0"}]
["Fonte: Secretaria de Agricultura e Abastecimento, CDRS/IEA, Projeto LUPA."]